| 000 | 00328nam a22001337a 4500 | ||
|---|---|---|---|
| 041 | _aUrdu | ||
| 082 |
_a340.59 _bZAF |
||
| 100 | _aZafar Hakeem Mahmood Ahmad | ||
| 245 | _aPaighambar-e-Islam aur Buniyadi Insani Huqooq | ||
| 260 |
_aNew Delhi _bAreeb Publication _c2012 |
||
| 300 | _a435 | ||
| 650 | _aIslamic Law | ||
| 942 | _cBK | ||
| 999 |
_c21226 _d21226 |
||